Biggest Cities in each Asian Country - Extreme - Statistics

General Stats
  • This quiz has been taken 959 times
  • The average score is 61 of 93
Answer Stats
Country Poplation City % Correct
China 21,707,000 Beijing
98%
Afghanistan 4,114,267 Kabul
98%
China 24,183,000 Shanghai
98%
Bangladesh 8,906,039 Dhaka
97%
Azerbaijan 2,262,600 Baku
96%
India 11,007,835 Delhi
95%
Indonesia 10,075,310 Jakarta
95%
India 12,442,373 Mumbai
94%
Iran 8,693,706 Tehran
94%
Japan 9,272,565 Tokyo
94%
Iraq 8,211,934 Baghdad
93%
Israel 919,438 Jerusalem
93%
Malaysia 1,588,750 Kuala Lumpur
93%
Philippines 1,780,148 Manila
93%
Japan 2,691,742 Osaka
93%
South Korea 9,930,478 Seoul
93%
Thailand 5,782,159 Bangkok
92%
United Arab Emirates 3,341,310 Dubai
92%
Turkey 14,025,646 Istanbul
92%
Nepal 975,453 Kathmandu
92%
Cambodia 1,474,489 Phnom Penh
92%
North Korea 3,255,288 Pyongyang
92%
Taiwan 6,663,449 Taipei
92%
Israel 451,523 Tel Aviv
92%
United Arab Emirates 1,807,000 Abu Dhabi
91%
Turkey 4,587,558 Ankara
91%
Syria 1,414,913 Damascus
91%
Vietnam 3,471,388 Hanoi
91%
Pakistan 14,916,456 Karachi
91%
Vietnam 7,021,128 Ho Chi Minh City
90%
Kazakhstan 1,029,556 Nur-Sultan
90%
Saudi Arabia 5,188,286 Riyadh
90%
Sri Lanka 561,314 Colombo
89%
Pakistan 11,126,285 Lahore
89%
Saudi Arabia 1,534,731 Mecca
87%
Yemen 3,937,451 Sana'a
87%
Uzbekistan 2,485,989 Tashkent
87%
India 8,436,675 Bangalore
86%
Saudi Arabia 3,430,697 Jeddah
86%
South Korea 3,496,779 Busan
85%
Syria 2,132,100 Aleppo
83%
Kazakhstan 1,328,362 Almaty
83%
Bangladesh 2,592,439 Chittagong
83%
Myanmar 5,160,512 Yangon
83%
Tajikistan 846,400 Dushanbe
82%
Turkey 2,847,691 Izmir
80%
Indonesia 2,805,906 Surabaya
76%
Myanmar 375,189 Naypyidaw
73%
Israel 283,640 Haifa
70%
Iran 1,961,260 Isfahan
70%
Russia 1,473,754 Novosibirsk
70%
Japan 3,726,167 Yokohama
69%
Philippines 2,936,116 Quezon City
67%
Iran 3,001,184 Mashhad
65%
Iraq 1,225,793 Basra
64%
Myanmar 1,319,452 Mandalay
64%
Indonesia 2,465,469 Medan
64%
Pakistan 3,204,726 Faisalabad
63%
South Korea 2,944,009 Incheon
63%
Yemen 1,760,923 Aden
61%
Philippines 1,632,991 Davao
59%
Afghanistan 614,118 Kandahar
58%
Vietnam 988,561 Da Nang
57%
Russia 1,154,116 Omsk
57%
China 30,752,000 Chongqing
53%
Malaysia 708,127 George Town
52%
Taiwan 2,774,571 Kaohsiung
52%
Uzbekistan 530,445 Samarkand
51%
Afghanistan 436,346 Herat
47%
Syria 652,609 Homs
45%
United Arab Emirates 1,274,749 Sharjah
43%
Cambodia 250,798 Siem Reap
43%
Taiwan 2,815,704 Taichung
41%
Russia 973,826 Krasnoyarsk
39%
Iraq 938,336 Kirkuk
32%
Kazakhstan 1,002,291 Shymkent
30%
Azerbaijan 332,600 Ganja
26%
North Korea 768,551 Hamhung
24%
Bangladesh 1,572,386 Narayanganj
23%
Nepal 426,759 Pokhara
19%
Yemen 2,612,222 Taiz
16%
Cambodia 163,347 Battambang
14%
North Korea 667,929 Chongjin
11%
Azerbaijan 265,150 Sumqayit
10%
Tajikistan 181,600 Khujand
9%
Uzbekistan 475,782 Namangan
9%
Thailand 270,609 Nonthaburi
7%
Thailand 174,332 Nakhon Ratchasima
6%
Nepal 284,922 Lalitpur
5%
Tajikistan 105,500 Kulob
3%
Sri Lanka 252,041 Kaduwela
1%
Malaysia 818,197 Seberang Perai
1%
Sri Lanka 196,423 Maharangama
0%
No matching quizzes found
Score Distribution
Percent of People with Each Score
Percentile by Number Answered
Your Score History
You have not taken this quiz